Loading...
| Literature - British | 0 | 7 | 0 | 0 | 70 | 36 | 66.43 | 2 | 4 | 37.97 | 55.17 |
| Literature - World | 0 | 7 | 0 | 0 | 70 | 75 | 90.71 | 1 | 5 | 25.10 | 48.83 |
| Literature - European | 0 | 6 | 1 | 0 | 55 | 27 | 69.83 | 2 | 5 | 29.95 | 47.00 |
| Literature - American | 0 | 5 | 1 | 0 | 45 | 15 | 64.40 | 2 | 4 | 26.64 | 42.00 |
| Fine Arts - Painting and Sculpture | 0 | 4 | 0 | 2 | 40 | 80 | 104.25 | 0 | 1 | 5.91 | 12.50 |
| Fine Arts - Classical Music | 0 | 3 | 0 | 0 | 30 | 74 | 95.33 | 0 | 2 | 7.82 | 20.33 |
| Religion | 0 | 2 | 0 | 1 | 20 | 84 | 97.50 | 0 | 0 | 3.28 | 6.83 |
| Science - Other | 0 | 2 | 0 | 1 | 20 | 47 | 83.50 | 0 | 1 | 5.57 | 5.83 |
| Philosophy | 0 | 3 | 2 | 1 | 20 | 61 | 84.67 | 0 | 1 | 9.25 | 18.67 |
| Science - Chemistry | 0 | 1 | 0 | 0 | 10 | 69 | 69.00 | 0 | 0 | 3.67 | 5.00 |
| Science - Physics | 0 | 1 | 0 | 1 | 10 | 130 | 130.00 | 0 | 0 | 0.00 | 1.00 |
| History - American | 0 | 1 | 0 | 0 | 10 | 87 | 87.00 | 0 | 0 | 2.16 | 2.00 |
| Fine Arts - Other | 0 | 1 | 0 | 0 | 10 | 78 | 78.00 | 0 | 1 | 3.39 | 8.33 |
| Science - Biology | 0 | 1 | 0 | 0 | 10 | 91 | 91.00 | 0 | 0 | 2.78 | 5.00 |
| Social Science | 0 | 0 | 1 | 0 | -5 | 0.00 | 0 | 0 | 0.00 | 0.00 |